00973cam a22003014a 4500001001000000003001000010005001700020007000300037008004100040015001200081020001800093040003000111041000800141044001300149080002300162245012400185250001200309260004100321300001800362490002800380504003200408650003800440650004300478650004500521650004800566700004000614830001700654001325478AR-RgUNPA20260302090638.0ta100218s2005 ag d fr f 1 0 spa  aAR-2005 a9789502313511 aSIUNPAbspacSIUNPAeAACR aspa aagcar-c1 a159.9.072.4 I439i300aInforme psicológico:belaboración y características en diferentes ámbitos c/ Beatriz H. Cattaneo (compiladora) a3a. ed. aBuenos Aires :bEudeba,creimpr.2013 a207 p. :bil.1 a(Psicología / Eudeba) aBibliografía: p. 203-206. 4a PSICOLOGIA2isoc de psicología 4aPSICODIAGNOSTICO2isoc de psicología 4aINFORME PSCOLOGICO2isoc de psicología 4aEVALUCION PSICOLOGICA2isoc de psicología1 aCattaneo, Beatriz H.e, comp.eaut. 0aPsicología